Central Library OPAC University of Rajshahi

The social psychology of groups / (Record no. 33561)

MARC details
000 -LEADER
fixed length control field 00841nam a2200289 a 4500
001 - CONTROL NUMBER
control field 33561
003 - CONTROL NUMBER IDENTIFIER
rucl marc code BD-RjUL
005 - DATE AND TIME OF LATEST TRANSACTION
control field 20211209052028.0
008 - FIXED-LENGTH DATA ELEMENTS--GENERAL INFORMATION
fixed length control field 140508r19611959nyua b 001 0 eng
035 ## - SYSTEM CONTROL NUMBER
System control number (BD-RjUL)33652
040 ## - CATALOGING SOURCE
Original cataloging agency LC
Language of cataloging eng
Transcribing agency LC
Modifying agency BD-RjUL
041 ## - LANGUAGE CODE
Language code of text/sound track or separate title eng
082 04 - DEWEY DECIMAL CLASSIFICATION NUMBER
Classification number 301.151
Author mark and year THS 1961
100 1# - MAIN ENTRY--PERSONAL NAME
Personal name Thibaut, John W.
9 (RLIN) 101847
245 14 - TITLE STATEMENT
Title The social psychology of groups /
Statement of responsibility, etc. John W. Thibaut, Harold H. Kelley.
260 ## - PUBLICATION, DISTRIBUTION, ETC. (IMPRINT)
Place of publication, distribution, etc. New York :
Name of publisher, distributor, etc. Wiley,
Date of publication, distribution, etc. c1959 [Printing 1961].
300 ## - PHYSICAL DESCRIPTION
Pagination 313 p. :
Illustrations ill. ;
Size 24 cm.
504 ## - BIBLIOGRAPHY, ETC. NOTE
Bibliography, etc Bibliography: p. 292-304.
Bibliography, etc Includes index.
650 #0 - SUBJECT ADDED ENTRY--TOPICAL TERM
Topical term or geographic name as entry element Social groups.
9 (RLIN) 101848
Topical term or geographic name as entry element Interpersonal relations.
9 (RLIN) 101849
700 1# - ADDED ENTRY--PERSONAL NAME
Personal name Kelley, Harold H.
942 ## - ADDED ENTRY ELEMENTS (KOHA)
Source of classification or shelving scheme Dewey Decimal Classification
Koha item type Books
Holdings
Lost status Source of classification or shelving scheme Damaged status Not for loan Collection code Permanent Location Current Location Shelving location Date acquired Source of acquisition Cost, normal purchase price Total Checkouts Full call number Date last seen Copy number Koha item type
  Dewey Decimal Classification     Non-fiction Central Library, University of Rajshahi Central Library, University of Rajshahi   11/01/1965 Zeitlinger 45.00   301.151 THS 1961 08/05/2014 C-2 Books
  Dewey Decimal Classification   Not For Loan Non-fiction Central Library, University of Rajshahi Central Library, University of Rajshahi Reading Room 15/04/1964 Zitlinger 45.00   301.151 THS 1961 11/05/2014 C-1 Books